| 000 | 00597nam a2200205Ia 4500 | ||
|---|---|---|---|
| 003 | GCL | ||
| 008 | 140319s9999 xx 000 0 ara d | ||
| 040 |
_aGCL / _cGCL |
||
| 082 | 0 | 4 |
_a811.009 _bج ب |
| 100 | 1 | _aجان كوهن | |
| 245 | 1 | 0 |
_aبنية اللغة الشعرية / _cجان كوهن |
| 700 | 1 | _aمحمد الولى (مترجم) | |
| 700 | 1 | _aمحمد العمرى (مترجم) | |
| 260 |
_a[S.N] : _bدار توبقال للنشر ، _c1966 |
||
| 300 | _a220 ص | ||
| 490 | _a | ||
| 650 | 0 | 4 | _aالشعر العربى |
| 650 | 0 | 4 | _aالادب العربى |
| 942 |
_2ddc _cBK |
||
| 999 |
_c45711 _d45711 |
||